ধ্বনিবিজ্ঞান ও বাংলা ধ্বনিতত্ত্ব / (Record no. 39847)
[ view plain ]
| 000 -LEADER | |
|---|---|
| fixed length control field | 01037nam a2200253 a 4500 |
| 001 - CONTROL NUMBER | |
| control field | 39847 |
| 003 - CONTROL NUMBER IDENTIFIER | |
| rucl marc code | BD-RjUL |
| 005 - DATE AND TIME OF LATEST TRANSACTION | |
| control field | 20211209053055.0 |
| 008 - FIXED-LENGTH DATA ELEMENTS--GENERAL INFORMATION | |
| fixed length control field | 160419r20131967 a|||e |||| 001 0 d |
| 020 ## - INTERNATIONAL STANDARD BOOK NUMBER | |
| International Standard Book Number | 9848164124 |
| Terms of availability | : TK.240.00 |
| 035 ## - SYSTEM CONTROL NUMBER | |
| System control number | (BD-RjUL)39961 |
| 040 ## - CATALOGING SOURCE | |
| Original cataloging agency | BD-RjUL |
| Language of cataloging | ben |
| Transcribing agency | BD-RjUL |
| 041 ## - LANGUAGE CODE | |
| Language code of text/sound track or separate title | ben |
| 082 ## - DEWEY DECIMAL CLASSIFICATION NUMBER | |
| Edition number | 23 |
| Classification number | 410 |
| Author mark and year | HAD 2013 |
| 100 ## - MAIN ENTRY--PERSONAL NAME | |
| Personal name | হাই, মুহম্মদ আবদুল |
| 9 (RLIN) | 118481 |
| 245 10 - TITLE STATEMENT | |
| Title | ধ্বনিবিজ্ঞান ও বাংলা ধ্বনিতত্ত্ব / |
| Statement of responsibility, etc. | মুহম্মদ আবদুল হাই |
| 250 ## - EDITION STATEMENT | |
| Edition statement | ২য় সং. |
| 260 ## - PUBLICATION, DISTRIBUTION, ETC. (IMPRINT) | |
| Place of publication, distribution, etc. | ঢাকা : |
| Name of publisher, distributor, etc. | মল্লিক ব্রাদার্স, |
| Date of publication, distribution, etc. | ১৯৬৭ [মুদ্রণ ২০১৩] |
| 300 ## - PHYSICAL DESCRIPTION | |
| Pagination | [২০], ৩৩৬ পৃ. : |
| Illustrations | চিত্র ; |
| Size | ২৪ সেমি. |
| 504 ## - BIBLIOGRAPHY, ETC. NOTE | |
| Bibliography, etc | গ্রন্থপঞ্জি ও নির্ঘণ্ট সংযুক্ত |
| 650 ## - SUBJECT ADDED ENTRY--TOPICAL TERM | |
| Topical term or geographic name as entry element | ধ্বনিতত্ত্ব |
| 9 (RLIN) | 122758 |
| Topical term or geographic name as entry element | Linguistics |
| 9 (RLIN) | 122759 |
| 942 ## - ADDED ENTRY ELEMENTS (KOHA) | |
| Source of classification or shelving scheme | Dewey Decimal Classification |
| Koha item type | Books |
| Lost status | Source of classification or shelving scheme | Damaged status | Not for loan | Collection code | Permanent Location | Current Location | Shelving location | Date acquired | Source of acquisition | Cost, normal purchase price | Total Checkouts | Full call number | Date last seen | Copy number | Koha item type |
|---|---|---|---|---|---|---|---|---|---|---|---|---|---|---|---|
| Dewey Decimal Classification | Not For Loan | Non-fiction | Central Library, University of Rajshahi | Central Library, University of Rajshahi | Reading Room | 03/08/2014 | Bathighar, Chittagong | 240.00 | B 410 HAD 2013 | 19/04/2016 | C-1 | Books |